000 00296nmm a2200097Ia 4500
008 220120s9999||||xx |||||||||||||||||und||
020 _a0-07-044580-X
100 _aDigit
245 0 _aNix and foss celebrating foss with all the best destros and
260 _aNine dot nine interactive ltd.
_bNew Delhi
999 _c139749
_d139749